Logo BPK

Bibliografia Prac Pracowników

Politechniki Koszalińskiej

Informatyzacja na terenach wiejskich na przykładzie wybranych gmin Pomorza Środkowego / (Rekord nr 9596)

Szczegóły MARC
000 -ETYKIETA REKORDU
podpole kontrolne o stałej długości 00693naa a2200145 i 4500
001 - NUMER KONTROLNY REKORDU
podpole kontrolne 9596
003 - IDENTYFIKATOR NUMERU KONTROLNEGO REKORDU
podpole kontrolne KOSZ 005
005 - DATA OSTATNIEJ MODYFIKACJI REKORDU
podpole kontrolne 20180404133927.0
008 - POLE O STAŁEJ DŁUGOŚCI - DANE KONTROLNE
podpole kontrolne o stałej długości 151126s2006 pl f |000 0 pol
040 ## - ŹRÓDŁO KATALOGOWANIA
Instytucja, która utworzyła rekord BPK
Instytucja, która dokonała modyfikacji KOSZ 005/EG
100 1# - NAZWA OSOBOWA
Nazwa osobowa SUSZYŃSKI, Robert.
Lata pracy 1996 - .
Instytucja Politechnika Koszalińska - Wydział Elektroniki i Informatyki,
Wydział Katedra Systemów Cyfrowego Przetwarzania Sygnałów
245 10 - TYTUŁ/ODPOWIEDZIALNOŚĆ
Tytuł Informatyzacja na terenach wiejskich na przykładzie wybranych gmin Pomorza Środkowego /
Pozostałe elementy strefy tytułu i oznaczenia odpowiedzialności Robert Suszyński.
773 0# - TYTUŁ DOKUMENTU MACIERZYSTEGO
Wyrażenie wprowadzające W :
Tytuł Potencjał rozwojowy obszarów wiejskich w aspekcie wstąpienia Polski do Unii Europejskiej. -
Adres wydawniczy Szczecin : Akademia Rolnicza w Szczecinie, 2006.
942 ## - HASŁO DODATKOWE - ELEMENTY(KOHA)
Typ dokumentu Rozdział
Schemat klasyfikacji Uniwersalna klasyfikacja dziesiętna

Brak dostępnych egzemplarzy.

© 2014 Biblioteka Politechniki Koszalińskiej :: BIBLIOGRAFIA PRAC PRACOWNIKÓW